• 首页
  • 本馆介绍
  • 公告通知
  • 最新文献
  • 馆藏检索
  • 电子资源
  • 读者导购
  • 参考咨询
  • 我的图书馆
  • 登录
  • 详细信息显示
  • 放入我的书架
  • 预约/预借图书
  • 作者相关作品
  • 分类相关作品
  • 丛书相关作品
  • 出版社相关作品

书目信息

  • 表格格式
  • 工作单格式
  • 卡片格式
题名:
CuO在锂离子电池负极中的应用
    
 
作者: 冯莉莉 著
分册:  
出版信息: 北京   中国原子能出版社  2020.8
页数: 195页
开本: 24cm
丛书名:
单 册:
中图分类: TM912
科图分类:
主题词: 氧化铜--应用--锂离子电池--阴极--研究
电子资源:
ISBN: 978-7-5221-0741-7
000 00941nam0 2200229 45
001 012001000270
005 20140911082828.0
010    @a978-7-5221-0741-7@dCNY54.00
100    @a20210218d2020 em y0chiy50 ea
101 0  @achi
102    @aCN@b110000
105    @aa z 000yy
106    @ar
200 1  @aCuO在锂离子电池负极中的应用@b专著@f冯莉莉著@ACuO zai li li zi dian chi fu ji zhong de ying yong
210    @a北京@c中国原子能出版社@d2020.8
215    @a195页@c图@d24cm
330    @a本书共分九章,主要介绍金属氧化物中CuO在锂离子电池负极中的应用背景、CuO纳米材料的制备和锂电性能、核壳结构CuO复合材料的制备以及在锂离子电池中的应用(第四章、第五章、第六章、第七章、第八章)和通过原位X射线衍射(XRD)测试手段分析CuO在作为锂离子电池负极时的储锂机理。
606 0  @a氧化铜@x应用@x锂离子电池@x阴极@x研究
690    @aTM912@v5
701  0 @a冯莉莉@f(1980~)@4著@Afeng li li
801  0 @aCN@bBJSDL@c20211011
905    @b1331054-7@dTM912@e169@f4
    
    CuO在锂离子电池负极中的应用/冯莉莉著.-北京:中国原子能出版社,2020.8
    195页:图;24cm
    
    
    ISBN 978-7-5221-0741-7:CNY54.00
    本书共分九章,主要介绍金属氧化物中CuO在锂离子电池负极中的应用背景、CuO纳米材料的制备和锂电性能、核壳结构CuO复合材料的制备以及在锂离子电池中的应用(第四章、第五章、第六章、第七章、第八章)和通过原位X射线衍射(XRD)测试手段分析CuO在作为锂离子电池负极时的储锂机理。
●
相关链接 在E读中查询图书 在五车中查询图书 在当当中查询图书 在豆瓣中查询图书


正题名:CuO在锂离子电池负极中的应用     索取号:TM912/169         预约/预借

序号 登录号 条形码 馆藏地/架位号 状态 备注
1 1331054   213310549   第二样本阅览室/ [索取号:TM912/169] 在馆    
2 1331055   213310558   第三借阅区/ [索取号:TM912/169] 在馆    
3 1331056   213310567   第三借阅区/ [索取号:TM912/169] 在馆    
4 1331057   213310576   第三借阅区/ [索取号:TM912/169] 在馆    
唐山师范学院图书馆 欢迎您!
大连网信软件有限公司© 版权所有